01490pam a2200421 i 4500999001700000001001000017003000300027005001700030008004100047015001900088016001800107020002700125020002400152020003200176020003100208020002700239035001800266040004000284082002400324100002600348245008500374264002600459300004300485336002100528337002500549338002300574490003400597504005100631650005200682650002300734650002500757653002300782690002700805700002500832830003500857942001200892952016400904 c27071d27043015701168Uk20190207101340.0101117s2011 enka b 001 0 eng|d aGBB0D95962bnb7 a0157011682Uk a9780857254535 (pbk.) : a0857254537 (pbk.) : z9780857254559 (Adobe ebook) z9780857254542 (ePub ebook) z9780857254566 (Kindle) a(UkCU)5215982 aStDuBDSbengcStDuBDSdUkdEG-ScBUE04a362.173068222bBAC1 aBach, Shirley.93629010aLeadership, management and team working in nursing /cShirley Bach, Peter Ellis. aLondon:bSAGE;c2011. avi, 162 pages:billustration ;c25 cm. atext2rdacontent aunmediated2rdamedia avolume2rdacarrier1 aTransforming nursing practice aIncludes bibliographical references and index. 7aNursing servicesxAdministration.9324992BUEsh 7aLeadership.2BUEsh 7aTeam nursing.2BUEsh bNNURcFebruary20197 aSocial Welfare2blcoll1 aEllis, Peter,d1969- 0aTransforming nursing practice. 2ddccBB 00102ddc40708BaccahaMAINbMAINc1STd2019-02-03ePurchaseg213.00h21201l2m9o362.173068 BACp000044129r2025-07-15 00:00:00s2020-11-26w2019-02-03yBB